Strange Harvest : (Record no. 611510)

MARC details
000 -LEADER
fixed length control field 00495nam a2200193 a 4500
008 - FIXED-LENGTH DATA ELEMENTS--GENERAL INFORMATION
fixed length control field 260210s2006##################000#0#eng##
020 ## - INTERNATIONAL STANDARD BOOK NUMBER
ISBN 9780520247864
082 04 - DEWEY DECIMAL CLASSIFICATION NUMBER
Classification number 306.461
Item number SHA
100 1# - MAIN ENTRY--AUTHOR NAME
Personal name Sharp, Lesley A.,
245 10 - TITLE STATEMENT
Title Strange Harvest :
260 ## - PUBLICATION, DISTRIBUTION, ETC. (IMPRINT)
Name of publisher Univ of California Press,
Year of publication 2006.
300 ## - PHYSICAL DESCRIPTION
Number of Pages 322 pages
650 #0 - SUBJECT ADDED ENTRY--TOPICAL TERM
Topical Term Medical.
942 ## - ADDED ENTRY ELEMENTS (KOHA)
Koha item type English Books

No items available.

Find us on the map